000 00286nam a22001337a 4500
020 _a81-87047-04-8
082 _a001
_bMUT/M
100 _aMUTHANNA, SINGH
245 _aMY OWN BOOK OF INSECTS
260 _aMUMBAI
_bTATA DONNELLEY
300 _a40
650 _aGK
_zMUMBAI
942 _cBK
999 _c6675
_d6675